000 00554nam a2200193Ia 4500
005 20260120124628.0
008 008 260114s9999 xx 000 0 eng d
020 _a9780444517074
037 _aEBOOK
040 _aCRL
_beng
_cCRL
041 _aeng
_2eng
084 _qCRL
245 0 _aTourism, Trade and National Welfare
260 _bEmerald Publishing
_c2004
700 _aBharat R. Hazari
_9908572
856 _uhttps://www.emerald.com/insight/publication/doi/10.1108/S0573-8555(2004)265
942 _cEBOOK
999 _c1500470
_d1500470